100 : sto důležitých věcí o umění a matematice, které nevíte (a ani nevíte, že je nevíte) /

Hlavní autor: Barrow, John D., 1952-2020
Další autoři: Georgiev, Lukáš, 1970-, Pilucha, Jiří, Vítů, Jiřina
Jazyk: Čeština
Vydáno: Praha : Dokořán, 2017
Vydání: První vydání v českém jazyce
Témata:
Fyzický popis: 335 stran : ilustrace ; 21 cm
Knihy
Uloženo v:
LEADER 02106nam a2200505 i 4500
001 nkc20172875915
003 CZ PrNK
005 20170303131939.0
007 ta
008 170125s2017 xr a e f 000 0 cze
015 |a cnb002875915 
020 |a 978-80-7363-772-9  |q (vázáno) 
035 |a (OCoLC)982100628 
040 |a OLA001  |b cze  |d ABA001  |e rda 
041 1 |a cze  |h eng 
072 7 |a 51  |x Matematika  |2 Konspekt  |9 13 
080 |a 51  |2 MRF 
080 |a 72/76  |2 MRF 
080 |a (0.062)  |2 MRF 
100 1 |a Barrow, John D.,  |d 1952-2020  |7 jn19990000469  |4 aut 
240 1 0 |a 100 essential things you didn't know you didn't know about maths and the arts.  |l Česky 
245 1 0 |a 100 :  |b sto důležitých věcí o umění a matematice, které nevíte (a ani nevíte, že je nevíte) /  |c John D. Barrow ; z anglického originálu 100 essential things you didn't know you didn't know about maths and the arts přeložili Lukáš Georgiev, Jiří Pilucha a Jiřina Vítů 
246 3 0 |a Sto důležitých věcí o umění a matematice, které nevíte (a ani nevíte, že je nevíte) 
250 |a První vydání v českém jazyce 
264 1 |a Praha :  |b Dokořán,  |c 2017 
300 |a 335 stran :  |b ilustrace ;  |c 21 cm 
336 |a text  |b txt  |2 rdacontent 
337 |a bez média  |b n  |2 rdamedia 
338 |a svazek  |b nc  |2 rdacarrier 
504 |a Obsahuje bibliografické odkazy 
650 0 7 |a matematika  |7 ph117231  |2 czenas 
650 0 7 |a umění  |7 ph116538  |2 czenas 
650 0 9 |a mathematics  |2 eczenas 
650 0 9 |a art  |2 eczenas 
655 7 |a populárně-naučné publikace  |7 fd131864  |2 czenas 
655 9 |a popular works  |2 eczenas 
700 1 |a Georgiev, Lukáš,  |d 1970-  |7 jo2008480404  |4 trl 
700 1 |a Pilucha, Jiří  |7 jk01093107  |4 trl 
700 1 |a Vítů, Jiřina  |7 hka2016908672  |4 trl 
910 2 |a BOA001  |b 2-1382.572 
990 |a BK 
995 |a 01 
991 |b 201702  |c NOV 
996 6 |b 2610697578  |c 2-1382.572  |l MZK  |r Sklad / do 1 hodiny  |n 4  |p p.v.  |w 001599311  |u 000010  |a 1  |e BOA001  |j MZK50  |s P 
996 7 |b 2610699676  |c 2-1382.572  |l Vol.výběr  |r VV 1p  |n 15  |p kup  |h 7 BAR  |w 001599311  |u 000020  |a 0  |e BOA001  |j MZK50  |s A